| 000 | 00521nam a2200217Ia 4500 | ||
|---|---|---|---|
| 003 | OSt | ||
| 005 | 20260107101634.0 | ||
| 008 | 210210b2017 xxu||||| |||| 00| 0 eng d | ||
| 020 | _a9789385998560 | ||
| 040 | _cAL | ||
| 041 | _aeng | ||
| 082 | _a510.2462 KALE | ||
| 100 |
_aVijay Nand Kala _9250441 |
||
| 245 | _aEngineering mathematics | ||
| 260 |
_aNew Delhi _bMedtech _c2017 |
||
| 300 | _ax,274 | ||
| 690 |
_aMathematics _9250442 |
||
| 700 |
_aRakesh C ,Bhadula _9250443 |
||
| 906 | _a071891 | ||
| 942 |
_2ddc _cBK |
||
| 999 |
_c121568 _d121568 |
||